[Event "Barcelona Sant Marti op 11th"]
[Site "Barcelona"]
[Date "2024.02.29"]
[Round "8"]
[White "De Lomas Busquets, Alba"]
[Black "Alcaraz Lopez, Francesco"]
[Result "1/2-1/2"]
[WhiteElo "1883"]
[BlackElo "1812"]
[PlyCount "194"]
[EventDate "2024.01.11"]
[EventType "swiss"]
[EventRounds "9"]
[EventCountry "ESP"]
[SourceTitle "CB11_2024"]
[SourceDate "2024.03.13"]
[SourceVersion "1"]
[SourceVersionDate "2024.03.13"]
[SourceQuality "1"]

1. d4 d5 2. Nf3 Nf6 3. e3 e6 4. Bd3 c5 5. b3 cxd4 6. exd4 Be7 7. 0-0 0-0 8. Nbd2 b6 9. Qe2 Nc6 10. a3 Qc7 11. Bb2 Nh5 12. g3 f5 13. Ne5 Nf6 14. Rac1 Nxe5 15. dxe5 Ne4 16. c4 Qd8 17. Rcd1 Qe8 18. Nf3 Bb7 19. cxd5 exd5 20. Ba6 Bxa6 21. Qxa6 Nc5 22. Qe2 Nxb3 23. Qd3 Nc5 24. Qxd5+ Qf7 25. Qxf7+ Kxf7 26. Nd4 g6 27. Nc6 Rfc8 28. Nb4 Rd8 29. Bd4 Ne6 30. Be3 Bxb4 31. axb4 Rxd1 32. Rxd1 Rd8 33. Ra1 Rd7 34. h4 Ke8 35. Kg2 Kd8 36. Rc1 Rc7 37. Rd1+ Rd7 38. Ra1 Kc8 39. Kf3 Kb7 40. Rc1 Nd4+ 41. Kg2 Nc6 42. e6 Re7 43. b5 Ne5 44. Bd4 Nd3 45. Rd1 Nc5 46. Bxc5 bxc5 47. Rd6 Rc7 48. Kf1 c4 49. Ke1 c3 50. Kd1 c2+ 51. Kc1 Kc8 52. Rc6 Kd8 53. Kxc2 Rb7 54. Ra6 Ke7 55. Kc3 Rxb5 56. Rxa7+ Kxe6 57. Rxh7 Re5 58. Kd3 Kf6 59. Ra7 Rd5+ 60. Ke3 Rb5 61. Ra6+ Kg7 62. f3 Rb4 63. Rd6 Ra4 64. Rd4 Ra6 65. Kf4 Kh6 66. g4 fxg4 67. Kxg4 Rb6 68. f4 Rf6 69. Rd8 Rc6 70. Rh8+ Kg7 71. Re8 Kh6 72. Re5 Rc1 73. Re6 Rg1+ 74. Kf3 Rf1+ 75. Kg3 Kh5 76. Re5+ Kh6 77. Rd5 Kg7 78. h5 gxh5 79. Rxh5 Kf6 80. Ra5 Rg1+ 81. Kf2 Rb1 82. Ke2 Rb3 83. Re5 Ra3 84. Re3 Ra6 85. Kf3 Ra1 86. Rb3 Rf1+ 87. Ke4 Re1+ 88. Re3 Ra1 89. Rd3 Re1+ 90. Kf3 Rf1+ 91. Kg4 Rg1+ 92. Rg3 Rf1 93. Rg2 Rb1 94. Rg3 Rf1 95. Ra3 Rg1+ 96. Kf3 Rf1+ 97. Kg2 Rxf4 1/2-1/2

[Event "Barcelona Sant Marti op 11th"]
[Site "Barcelona"]
[Date "2024.02.01"]
[Round "4"]
[White "Vazquez Sanchez, Juan Antonio"]
[Black "Alcaraz Lopez, Francesco"]
[Result "0-1"]
[WhiteElo "1444"]
[BlackElo "1812"]
[PlyCount "56"]
[EventDate "2024.01.11"]
[EventType "swiss"]
[EventRounds "9"]
[EventCountry "ESP"]
[SourceTitle "CB11_2024"]
[SourceDate "2024.03.13"]
[SourceVersion "1"]
[SourceVersionDate "2024.03.13"]
[SourceQuality "1"]

1. e4 c5 2. d4 cxd4 3. c3 dxc3 4. Nxc3 Nc6 5. Nf3 g6 6. Bc4 a6 7. 0-0 Bg7 8. Qe2 d6 9. Rd1 Qa5 10. Nd5 Be6 11. Bd2 Qd8 12. Bc3 Nf6 13. Nxf6+ exf6 14. Ng5 Qe7 15. Nxe6 fxe6 16. Bb3 0-0 17. f4 Kh8 18. Qf3 Rac8 19. Rd3 b5 20. Qh3 f5 21. Bxg7+ Kxg7 22. Rad1 Rcd8 23. exf5 Rxf5 24. Qe3 d5 25. Qd2 Qb4 26. Qe3 Qxf4 27. Qxe6 Qf2+ 28. Kh1 Qf1+ 0-1

[Event "Barcelona Sant Marti op 10th"]
[Site "Barcelona"]
[Date "2023.02.23"]
[Round "7"]
[White "Alcaraz Lopez, Francesco"]
[Black "Plantada Siurans, Estanislau"]
[Result "1-0"]
[WhiteElo "1806"]
[BlackElo "1545"]
[PlyCount "65"]
[EventDate "2023.01.12"]
[EventType "swiss"]
[EventRounds "9"]
[EventCountry "ESP"]
[SourceTitle "CBM 213 Extra"]
[Source "ChessBase"]
[SourceDate "2023.05.31"]
[SourceVersion "1"]
[SourceVersionDate "2023.05.31"]
[SourceQuality "1"]

1. c4 e5 2. e4 Nc6 3. Nc3 Bc5 4. g3 d6 5. Bg2 f5 6. d3 Nf6 7. Nge2 fxe4 8. dxe4 0-0 9. h3 Be6 10. Nd5 Nd4 11. 0-0 c6 12. Ne3 Nxe4 13. Bxe4 Bxh3 14. Nxd4 exd4 15. Ng2 d5 16. cxd5 cxd5 17. Bxh7+ Kxh7 18. Qh5+ Kg8 19. Qxh3 Qb6 20. Nf4 Rae8 21. a3 Qc6 22. b4 Bb6 23. Bb2 Re4 24. Rac1 Qd6 25. Rc8 Rexf4 26. gxf4 Bd8 27. Bxd4 Qxf4 28. Be3 Qd6 29. Bc5 Qg6+ 30. Qg2 Qxg2+ 31. Kxg2 Re8 32. Rd1 Kf7 33. Rxd5 1-0

[Event "Barcelona Sant Marti op 10th"]
[Site "Barcelona"]
[Date "2023.02.16"]
[Round "6"]
[White "Pascual Gonzalez, Novelles David"]
[Black "Alcaraz Lopez, Francesco"]
[Result "1/2-1/2"]
[WhiteElo "1541"]
[BlackElo "1806"]
[PlyCount "95"]
[EventDate "2023.01.12"]
[EventType "swiss"]
[EventRounds "9"]
[EventCountry "ESP"]
[SourceTitle "CBM 213 Extra"]
[Source "ChessBase"]
[SourceDate "2023.05.31"]
[SourceVersion "1"]
[SourceVersionDate "2023.05.31"]
[SourceQuality "1"]

1. e4 c5 2. Nf3 g6 3. d4 cxd4 4. Nxd4 Bg7 5. Be3 Nc6 6. Nc3 d6 7. Bb5 Bd7 8. 0-0 Nf6 9. Nxc6 bxc6 10. Ba4 0-0 11. Rb1 Qc7 12. Bb3 a5 13. h3 a4 14. Nxa4 Nxe4 15. Nb6 Rab8 16. Nxd7 Qxd7 17. f3 Nf6 18. c3 Rfd8 19. Qd2 c5 20. Bh6 Bxh6 21. Qxh6 d5 22. Rfe1 e6 23. Qg5 Kg7 24. Qe5 Qd6 25. Bc2 Qxe5 26. Rxe5 Nd7 27. Re2 Rb7 28. b4 Rdb8 29. a3 d4 30. cxd4 cxb4 31. Be4 Rb6 32. axb4 Rxb4 33. Rd1 Nf6 34. Kf2 Rd8 35. Red2 Nd5 36. Bxd5 Rxd5 37. f4 h5 38. g4 hxg4 39. hxg4 g5 40. Ke3 Kg6 41. Rf1 gxf4+ 42. Rxf4 e5 43. Re4 exd4+ 44. Rdxd4 Rbxd4 45. Rxd4 Rxd4 46. Kxd4 Kg5 47. Ke5 f6+ 48. Ke6 1/2-1/2

[Event "Barcelona Sant Marti op 10th"]
[Site "Barcelona"]
[Date "2023.02.09"]
[Round "5"]
[White "Alcaraz Lopez, Francesco"]
[Black "Bogerd Esteve, Alex"]
[Result "0-1"]
[WhiteElo "1806"]
[BlackElo "1634"]
[PlyCount "134"]
[EventDate "2023.01.12"]
[EventType "swiss"]
[EventRounds "9"]
[EventCountry "ESP"]
[SourceTitle "CBM 213 Extra"]
[Source "ChessBase"]
[SourceDate "2023.05.31"]
[SourceVersion "1"]
[SourceVersionDate "2023.05.31"]
[SourceQuality "1"]

1. c4 e5 2. e4 Nc6 3. Nc3 Bc5 4. g3 d6 5. Bg2 Nf6 6. h3 0-0 7. Nge2 Be6 8. d3 a6 9. Nd5 Nd4 10. 0-0 c6 11. Nxf6+ Qxf6 12. Nxd4 Bxd4 13. Kh2 b5 14. Qe2 Rab8 15. Rb1 b4 16. f4 Qe7 17. f5 Bd7 18. g4 f6 19. h4 Kf7 20. Bd2 Ke8 21. b3 Bc5 22. g5 Kd8 23. Rf3 Kc7 24. Rg3 Qf7 25. Bf3 Rh8 26. Be3 g6 27. Bg4 gxf5 28. Bxf5 Bxf5 29. exf5 Rbg8 30. Bxc5 dxc5 31. Qf3 fxg5 32. hxg5 Rf8 33. Rf1 Rd8 34. Kg2 Rd4 35. Qe3 Qe7 36. f6 Qd6 37. Rf5 e4 38. dxe4 Qe6 39. Qf4+ Kb6 40. Re3 Rd2+ 41. Kg3 Qf7 42. Qg4 Rhd8 43. Re2 R8d3+ 44. Rf3 Qc7+ 45. Qf4 Rxf3+ 46. Kxf3 Qxf4+ 47. Kxf4 Rxe2 48. e5 Kc7 49. Kf5 Kd7 50. e6+ Rxe6 51. f7 Re2 52. f8N+ Ke7 53. Nxh7 Rxa2 54. Nf6 Rf2+ 55. Ke5 Re2+ 56. Kf5 a5 57. Ne4 Rxe4 58. Kxe4 Ke6 59. g6 Kf6 60. g7 Kxg7 61. Ke5 a4 62. bxa4 b3 63. Kd6 b2 64. Kxc5 b1Q 65. Kxc6 Qb4 66. c5 Qxa4+ 67. Kd6 Qd4+ 0-1

[Event "Barcelona Sant Marti op-A 22nd"]
[Site "Barcelona"]
[Date "2022.07.19"]
[Round "7"]
[White "Alcaraz Lopez, Francesco"]
[Black "Vasilev, Andrei"]
[Result "0-1"]
[WhiteElo "1802"]
[BlackElo "1752"]
[PlyCount "120"]
[EventDate "2022.07.13"]
[EventType "swiss"]
[EventRounds "9"]
[EventCountry "ESP"]
[SourceTitle "CBM 209 Extra"]
[Source "ChessBase"]
[SourceDate "2022.09.30"]
[SourceVersion "1"]
[SourceVersionDate "2022.09.30"]
[SourceQuality "1"]

1. c4 c6 2. e4 g6 3. Nc3 Bg7 4. g3 d6 5. Bg2 e5 6. Nge2 Nf6 7. 0-0 0-0 8. h3 Be6 9. d3 h5 10. Bg5 Qd7 11. Kh2 Nh7 12. Be3 f5 13. Qd2 Nf6 14. b3 Na6 15. Rad1 d5 16. cxd5 cxd5 17. exf5 Bxf5 18. d4 e4 19. Bh6 h4 20. Bg5 hxg3+ 21. fxg3 Nc7 22. g4 Be6 23. Bf4 Bf7 24. Be5 Nfe8 25. Bxg7 Kxg7 26. Rf2 Nd6 27. Rdf1 Qe7 28. Qe3 Ndb5 29. Kh1 Nd6 30. Qg3 Bg8 31. Nf4 Ndb5 32. Nxb5 Nxb5 33. Ne2 g5 34. Rxf8 Rxf8 35. Rxf8 Kxf8 36. a4 Nd6 37. Qf2+ Kg7 38. Ng3 Qf7 39. Qe3 Kg6 40. Kg1 Qf4 41. Qc3 Kf7 42. Ne2 Qf6 43. Qc5 Kg6 44. Qxa7 e3 45. Ng3 Qf2+ 46. Kh2 e2 47. Qb8 Qxg3+ 48. Kxg3 e1Q+ 49. Kh2 Qe6 50. b4 Bf7 51. b5 Qd7 52. Qh8 Qe7 53. b6 Nc4 54. h4 gxh4 55. Qh5+ Kg7 56. Qf5 Qd6+ 57. Kh1 Qg6 58. Qd7 Ne3 59. a5 Nxg4 60. Bxd5 Nf2+ 0-1

[Event "Barcelona Sant Marti op-A 22nd"]
[Site "Barcelona"]
[Date "2022.07.17"]
[Round "5"]
[White "Roa Ribera, Alvaro"]
[Black "Alcaraz Lopez, Francesco"]
[Result "1-0"]
[WhiteElo "1884"]
[BlackElo "1802"]
[PlyCount "71"]
[EventDate "2022.07.13"]
[EventType "swiss"]
[EventRounds "9"]
[EventCountry "ESP"]
[SourceTitle "CBM 209 Extra"]
[Source "ChessBase"]
[SourceDate "2022.09.30"]
[SourceVersion "1"]
[SourceVersionDate "2022.09.30"]
[SourceQuality "1"]

1. e4 d6 2. d4 Nf6 3. Nc3 g6 4. Bg5 Bg7 5. Qd2 h6 6. Bf4 g5 7. Bg3 Nh5 8. 0-0-0 Nxg3 9. hxg3 0-0 10. f4 e6 11. Nh3 gxf4 12. gxf4 Nc6 13. Qe3 d5 14. e5 f6 15. Be2 fxe5 16. fxe5 Bd7 17. g4 Ne7 18. g5 Nf5 19. Qg1 h5 20. Nf4 h4 21. Nh5 Kf7 22. Nf6 Rh8 23. Qf2 c6 24. Bg4 Bxf6 25. gxf6 Ng3 26. Rh3 Qg8 27. Be2 Qg5+ 28. Kb1 Rag8 29. Bd3 Qg4 30. Rh2 b5 31. Ne2 Rh5 32. Rg1 Rhg5 33. Nxg3 hxg3 34. Rh7+ Kf8 35. Qe1 Be8 36. Qb4+ 1-0

[Event "Foment Martinenc op-A 22nd"]
[Site "Barcelona"]
[Date "2022.06.11"]
[Round "8"]
[White "Alcaraz Lopez, Francesco"]
[Black "Colomer Gomez, Jordi"]
[Result "1/2-1/2"]
[WhiteElo "1848"]
[BlackElo "1771"]
[PlyCount "75"]
[EventDate "2022.04.23"]
[EventType "swiss"]
[EventRounds "9"]
[EventCountry "ESP"]
[SourceTitle "EXT 2023"]
[Source "ChessBase"]
[SourceDate "2022.10.05"]
[SourceVersion "1"]
[SourceVersionDate "2022.10.05"]
[SourceQuality "1"]

1. c4 c5 2. e4 g6 3. g3 Bg7 4. Bg2 Nc6 5. Nc3 e5 6. d3 Nge7 7. Nge2 0-0 8. 0-0 d6 9. h3 a6 10. Be3 h6 11. Qd2 Kh7 12. f4 f5 13. Rf2 Be6 14. Nd5 Rb8 15. Raf1 b5 16. b3 Nd4 17. Kh2 b4 18. fxe5 dxe5 19. Bxd4 exd4 20. Nef4 Bg8 21. Nxe7 Qxe7 22. Nd5 Bxd5 23. cxd5 fxe4 24. Bxe4 Rxf2+ 25. Rxf2 Rf8 26. Kg2 Rxf2+ 27. Qxf2 Be5 28. Qf3 Kg7 29. Qg4 Qd6 30. h4 h5 31. Qf3 Qf6 32. Qe2 Qe7 33. Bf3 Bd6 34. Be4 Qe5 35. Qf3 Kh6 36. Qf2 Kg7 37. Qf3 Kh6 38. Qf2 1/2-1/2

[Event "Foment Martinenc op-A 22nd"]
[Site "Barcelona"]
[Date "2022.04.30"]
[Round "2"]
[White "Alcaraz Lopez, Francesco"]
[Black "Torres Teruel, Joan"]
[Result "0-1"]
[WhiteElo "1848"]
[BlackElo "1588"]
[PlyCount "90"]
[EventDate "2022.04.23"]
[EventType "swiss"]
[EventRounds "9"]
[EventCountry "ESP"]
[SourceTitle "EXT 2023"]
[Source "ChessBase"]
[SourceDate "2022.10.05"]
[SourceVersion "1"]
[SourceVersionDate "2022.10.05"]
[SourceQuality "1"]

1. c4 e6 2. d4 d5 3. e3 Nf6 4. Nf3 c5 5. Nc3 Nbd7 6. Bd3 Be7 7. 0-0 0-0 8. Re1 cxd4 9. exd4 dxc4 10. Bxc4 Nb6 11. Bb3 Nbd5 12. Bg5 Re8 13. Rc1 b6 14. a3 Bb7 15. Ne5 Nxc3 16. Rxc3 Ne4 17. Qf3 Bxg5 18. Qxf7+ Kh8 19. Qxb7 Nd6 20. Qd7 Bd2 21. Qxd6 Qxd6 22. Nf7+ Kg8 23. Nxd6 Bxe1 24. Re3 Red8 25. Rxe6 Kf8 26. d5 Bd2 27. Ne4 Bf4 28. g3 Bc1 29. f4 h6 30. f5 Bxb2 31. a4 Rac8 32. g4 Bd4+ 33. Kg2 Rc1 34. h4 Rb1 35. Bc4 Rb4 36. Rc6 Re8 37. Kf3 Rxa4 38. Bd3 Ra3 39. Ke2 Rxe4+ 40. Bxe4 Re3+ 41. Kd2 Rxe4 42. d6 Bf6 43. Rc8+ Re8 44. d7 Rd8 45. Kd3 Ke7 0-1

[Event "Foment Martinenc op-A 22nd"]
[Site "Barcelona"]
[Date "2022.04.23"]
[Round "1"]
[White "Perez Garcia, Adria"]
[Black "Alcaraz Lopez, Francesco"]
[Result "1-0"]
[WhiteElo "2142"]
[BlackElo "1848"]
[PlyCount "59"]
[EventDate "2022.04.23"]
[EventType "swiss"]
[EventRounds "9"]
[EventCountry "ESP"]
[SourceTitle "EXT 2023"]
[Source "ChessBase"]
[SourceDate "2022.10.05"]
[SourceVersion "1"]
[SourceVersionDate "2022.10.05"]
[SourceQuality "1"]

1. e4 c5 2. c3 g6 3. d4 cxd4 4. cxd4 Bg7 5. Nc3 d6 6. h3 Nc6 7. Nf3 a6 8. Be3 Nf6 9. Bd3 b5 10. 0-0 0-0 11. d5 Nb8 12. a4 b4 13. Ne2 a5 14. Rc1 Ba6 15. Ned4 Qd7 16. Nc6 Bxd3 17. Qxd3 Nxc6 18. dxc6 Qe6 19. Ng5 Qc8 20. Rc2 Qc7 21. Rfc1 h6 22. Nf3 b3 23. Qxb3 Rfb8 24. Qd3 Rb4 25. Nd4 Rxa4 26. Nb5 Qc8 27. c7 Nxe4 28. Qd5 Ra6 29. Rc6 e6 30. Qd1 1-0

[Event "Barcelona Sant Marti op 9th"]
[Site "Barcelona"]
[Date "2020.02.06"]
[Round "4"]
[White "Castillo Dalmau, Albert"]
[Black "Alcaraz Lopez, Francesco"]
[Result "1-0"]
[WhiteElo "2171"]
[BlackElo "1835"]
[PlyCount "65"]
[EventDate "2020.01.16"]
[EventType "swiss"]
[EventRounds "9"]
[EventCountry "ESP"]
[SourceTitle "CBM 195 Extra"]
[Source "ChessBase"]
[SourceDate "2020.05.31"]
[SourceVersion "1"]
[SourceVersionDate "2020.05.31"]
[SourceQuality "1"]

1. b3 Nf6 2. Nf3 g6 3. Bb2 Bg7 4. g3 c5 5. c4 Nc6 6. Bg2 0-0 7. 0-0 d5 8. cxd5 Nxd5 9. Bxg7 Kxg7 10. Qc1 b6 11. Qb2+ Kg8 12. d4 cxd4 13. Nxd4 Nxd4 14. Qxd4 Bb7 15. Rd1 e6 16. Nd2 Qe7 17. Qe5 f6 18. Qb2 Rad8 19. a3 b5 20. Rac1 Nb6 21. Ne4 Rxd1+ 22. Rxd1 Bxe4 23. Bxe4 f5 24. Bc6 b4 25. axb4 Qxb4 26. Qe5 Qe7 27. Rd6 Rf6 28. h4 h6 29. Bb5 Nc8 30. Rc6 Nb6 31. Rc7 Qf8 32. Rxa7 Qd8 33. Rb7 1-0

[Event "Barcelona Sant Marti op 9th"]
[Site "Barcelona"]
[Date "2020.01.30"]
[Round "3"]
[White "Alcaraz Lopez, Francesco"]
[Black "Abascal Vicente, Ignacio"]
[Result "1-0"]
[WhiteElo "1835"]
[BlackElo "1644"]
[PlyCount "109"]
[EventDate "2020.01.16"]
[EventType "swiss"]
[EventRounds "9"]
[EventCountry "ESP"]
[SourceTitle "CBM 195 Extra"]
[Source "ChessBase"]
[SourceDate "2020.05.31"]
[SourceVersion "1"]
[SourceVersionDate "2020.05.31"]
[SourceQuality "1"]

1. c4 Nf6 2. Nf3 d5 3. cxd5 Nxd5 4. g3 c6 5. Bg2 g6 6. 0-0 Bg7 7. d4 0-0 8. Nc3 Nd7 9. e4 N5b6 10. b3 Re8 11. Be3 e5 12. Qd2 exd4 13. Nxd4 Nf8 14. Rad1 Ne6 15. Nce2 Qe7 16. Nxe6 Bxe6 17. Bh6 Rad8 18. Qc1 Rxd1 19. Rxd1 Rd8 20. Bxg7 Rxd1+ 21. Qxd1 Kxg7 22. Nf4 Bc8 23. h4 Qd7 24. Qa1+ f6 25. e5 Qe7 26. exf6+ Qxf6 27. Qe1 Bf5 28. Qd2 Nc8 29. Kh2 Qd6 30. Qc3+ Qf6 31. Qe3 Qe7 32. Qc1 Qe5 33. Nh3 Ne7 34. Ng5 Nc8 35. Qc4 Nd6 36. Qa4 Nc8 37. a3 Qd6 38. Qc4 Qe7 39. Qd4+ Qf6 40. Qxf6+ Kxf6 41. Nxh7+ Kg7 42. Ng5 Nd6 43. Bf1 Ne4 44. Nxe4 Bxe4 45. b4 Kf6 46. g4 Ke5 47. Kg3 b6 48. f4+ Kd6 49. Kf2 c5 50. bxc5+ bxc5 51. Ke3 Kd5 52. Bd3 Bxd3 53. Kxd3 c4+ 54. Kc3 Ke4 55. h5 1-0

[Event "Barcelona Sant Marti op 9th"]
[Site "Barcelona"]
[Date "2020.01.23"]
[Round "2"]
[White "Barbero Sendic, Alejandro"]
[Black "Alcaraz Lopez, Francesco"]
[Result "1-0"]
[WhiteElo "2308"]
[BlackElo "1835"]
[PlyCount "61"]
[EventDate "2020.01.16"]
[EventType "swiss"]
[EventRounds "9"]
[EventCountry "ESP"]
[SourceTitle "CBM 195 Extra"]
[Source "ChessBase"]
[SourceDate "2020.05.31"]
[SourceVersion "1"]
[SourceVersionDate "2020.05.31"]
[SourceQuality "1"]

1. e4 d6 2. d4 Nf6 3. Nc3 g6 4. Be3 c6 5. h3 b5 6. e5 Nfd7 7. exd6 exd6 8. Qd2 Nf6 9. 0-0-0 b4 10. Nce2 a5 11. Ng3 Bg7 12. Bh6 0-0 13. h4 Bxh6 14. Qxh6 Ng4 15. Qd2 h5 16. Nh3 Nf6 17. f3 Nbd7 18. Bd3 Ba6 19. f4 Bxd3 20. Qxd3 Re8 21. f5 Kg7 22. Nf4 Nf8 23. Rdf1 d5 24. fxg6 fxg6 25. Nxg6 Nxg6 26. Rxf6 Kxf6 27. Nxh5+ Ke7 28. Qxg6 Rf8 29. Qxc6 Rf2 30. Re1+ Kf7 31. Qe6+ 1-0

[Event "Barcelona Sant Marti op 21st"]
[Site "Barcelona"]
[Date "2019.07.18"]
[Round "6"]
[White "Quero Ortega, Juan"]
[Black "Alcaraz Lopez, Francesco"]
[Result "0-1"]
[WhiteElo "1754"]
[BlackElo "1846"]
[PlyCount "108"]
[EventDate "2019.07.13"]
[EventType "swiss"]
[EventRounds "9"]
[EventCountry "ESP"]
[SourceTitle "EXT 2020"]
[Source "ChessBase"]
[SourceDate "2019.10.17"]
[SourceVersion "1"]
[SourceVersionDate "2019.10.17"]
[SourceQuality "1"]

1. c3 Nf6 2. d3 g6 3. Nf3 Bg7 4. g3 0-0 5. Bg2 c5 6. 0-0 Nc6 7. Nbd2 d5 8. Nb3 b6 9. Bg5 h6 10. Bd2 Bb7 11. d4 c4 12. Nc1 Ne4 13. Be3 f5 14. Nd2 Qd7 15. Nxe4 dxe4 16. Bd2 e6 17. e3 Ne7 18. Ne2 g5 19. b3 Ba6 20. Rc1 Nd5 21. Re1 Rac8 22. b4 b5 23. Kh1 Bb7 24. Ng1 a5 25. a3 axb4 26. axb4 Ra8 27. Ra1 e5 28. Qc2 exd4 29. exd4 Rxa1 30. Rxa1 Re8 31. Ne2 e3 32. Be1 exf2 33. Bxf2 Ne3 34. Bxe3 Rxe3 35. Rf1 Bxg2+ 36. Kxg2 Qe6 37. Rf2 Bf8 38. Kf1 Re4 39. Qd1 Bd6 40. Ng1 f4 41. g4 Re3 42. d5 Qe5 43. Nf3 Qxc3 44. h4 Bxb4 45. hxg5 hxg5 46. Kg2 Qd3 47. Qa1 Qxd5 48. Qf6 Bc3 49. Qg6+ Kf8 50. Qh6+ Bg7 51. Qb6 c3 52. Qb8+ Kf7 53. Qc7+ Kg6 54. Qb6+ Bf6 0-1

[Event "Barcelona Sant Marti op 21st"]
[Site "Barcelona"]
[Date "2019.07.17"]
[Round "5"]
[White "Alcaraz Lopez, Francesco"]
[Black "Hristodorescu, Daniel"]
[Result "0-1"]
[WhiteElo "1846"]
[BlackElo "2241"]
[PlyCount "122"]
[EventDate "2019.07.13"]
[EventType "swiss"]
[EventRounds "9"]
[EventCountry "ESP"]
[SourceTitle "EXT 2020"]
[Source "ChessBase"]
[SourceDate "2019.10.17"]
[SourceVersion "1"]
[SourceVersionDate "2019.10.17"]
[SourceQuality "1"]

1. c4 e5 2. Nc3 Bb4 3. Nd5 a5 4. a3 Bc5 5. g3 c6 6. Nc3 d5 7. cxd5 cxd5 8. Bg2 Ne7 9. e3 Nbc6 10. Nge2 d4 11. exd4 exd4 12. Ne4 Ba7 13. d3 0-0 14. 0-0 h6 15. Rb1 Bg4 16. h3 Bh5 17. g4 Bg6 18. b4 axb4 19. axb4 f5 20. Nc5 Qc8 21. g5 Bh5 22. Re1 f4 23. gxh6 f3 24. Ng3 Bf7 25. hxg7 Kxg7 26. Qxf3 Bxc5 27. bxc5 Bg6 28. Qe2 Nf5 29. Ne4 Re8 30. Bg5 Re6 31. h4 Qd7 32. Rb6 Ra6 33. h5 Bh7 34. Bh3 Rxb6 35. cxb6 Qf7 36. f4 Ne3 37. Bxe6 Qxe6 38. h6+ Kf7 39. Qh5+ Bg6 40. Qh4 Bh7 41. Re2 Nb4 42. Nf6 Qf5 43. Nxh7 Qxh7 44. Qh3 Qxd3 45. Qd7+ Kg6 46. Qg7+ Kh5 47. Rh2+ Kg4 48. Bh4+ Kf3 49. Qxb7+ Nbd5 50. Rh3+ Ke2 51. Rh2+ Kd1 52. Rf2 Qg6+ 53. Kh1 Qg4 54. Bd8 Qh3+ 55. Kg1 Qg3+ 56. Kh1 Qxf2 57. Qg7 Qf3+ 58. Kg1 Qf1+ 59. Kh2 Qxf4+ 60. Kh1 Ng4 61. Bc7 Qf1# 0-1

[Event "Foment Martinenc op-A 21st"]
[Site "Barcelona"]
[Date "2019.06.08"]
[Round "7"]
[White "Valero Lopez, Sergi"]
[Black "Alcaraz Lopez, Francesco"]
[Result "1/2-1/2"]
[WhiteElo "1825"]
[BlackElo "1874"]
[PlyCount "98"]
[EventDate "2019.04.27"]
[EventType "swiss"]
[EventRounds "9"]
[EventCountry "ESP"]
[SourceTitle "EXT 2020"]
[Source "ChessBase"]
[SourceDate "2019.10.17"]
[SourceVersion "1"]
[SourceVersionDate "2019.10.17"]
[SourceQuality "1"]

1. d4 d6 2. e4 Nf6 3. Nc3 g6 4. f4 Bg7 5. Nf3 0-0 6. Bd3 c6 7. 0-0 b5 8. e5 Ne8 9. Be3 b4 10. Ne4 Nd7 11. Nfg5 Nb6 12. f5 dxe5 13. Nxh7 Kxh7 14. Ng5+ Kg8 15. fxg6 fxg6 16. Rxf8+ Bxf8 17. Qf3 Nf6 18. dxe5 Bg4 19. Qg3 Nbd5 20. exf6 Nxe3 21. f7+ Kg7 22. Qe5+ Kh6 23. Qxe3 Qb6 24. Qxb6 axb6 25. h4 Bg7 26. Re1 Bf6 27. Re4 Bd7 28. Rxb4 Kg7 29. c3 b5 30. a3 Bxg5 31. hxg5 Kxf7 32. Rh4 Kg7 33. Rh6 Be8 34. Kf2 Rd8 35. Ke3 Rd5 36. Be4 Rxg5 37. Rh3 Re5 38. Rg3 Re6 39. b3 c5 40. Kd3 Ra6 41. b4 c4+ 42. Kd4 Rxa3 43. Kc5 Ra6 44. Rg5 Rd6 45. Bd5 Kf6 46. Rg3 g5 47. Rf3+ Kg6 48. Re3 Kf6 49. Rf3+ Kg6 1/2-1/2

[Event "Barcelona Seniors 55 op 6th"]
[Site "Barcelona"]
[Date "2019.04.29"]
[Round "7.6"]
[White "Marchador Villalba, Jordi"]
[Black "Alcaraz Lopez, Francesco"]
[Result "1-0"]
[WhiteElo "1966"]
[BlackElo "1816"]
[PlyCount "65"]
[EventDate "2019.03.04"]
[EventType "swiss"]
[EventRounds "9"]
[EventCountry "ESP"]
[SourceTitle "EXT 2024"]
[Source "ChessBase"]
[SourceDate "2023.10.10"]
[SourceVersion "1"]
[SourceVersionDate "2023.10.10"]
[SourceQuality "1"]

1. d4 d6 2. Nf3 Nf6 3. Bf4 g6 4. h3 Bg7 5. e3 c5 6. c3 cxd4 7. exd4 0-0 8. Be2 b6 9. 0-0 Bb7 10. Nbd2 Nbd7 11. Bh2 Re8 12. Qb3 e5 13. dxe5 dxe5 14. Rad1 Qe7 15. Rfe1 e4 16. Bb5 Nc5 17. Qc2 Red8 18. Nd4 Rac8 19. Qb1 a6 20. Bf1 Re8 21. Nc4 Rcd8 22. Nxb6 Nd5 23. Nxd5 Bxd5 24. Nc2 a5 25. Bb5 Rf8 26. Ne3 Bb7 27. Qc2 f5 28. Bc4+ Kh8 29. Rxd8 Rxd8 30. Rd1 Rxd1+ 31. Qxd1 Qf6 32. Be5 Qe7 33. Bd6 1-0

[Event "Foment Martinenc op-A 21st"]
[Site "Barcelona"]
[Date "2019.04.27"]
[Round "1"]
[White "Alcaraz Lopez, Francesco"]
[Black "Pinero Fernandez, Xavier"]
[Result "0-1"]
[WhiteElo "1874"]
[BlackElo "2228"]
[PlyCount "34"]
[EventDate "2019.04.27"]
[EventType "swiss"]
[EventRounds "9"]
[EventCountry "ESP"]
[SourceTitle "EXT 2020"]
[Source "ChessBase"]
[SourceDate "2019.10.17"]
[SourceVersion "1"]
[SourceVersionDate "2019.10.17"]
[SourceQuality "1"]

1. c4 e5 2. Nc3 Bb4 3. Nd5 Be7 4. g3 c6 5. Nxe7 Qxe7 6. Bg2 Nf6 7. Nf3 e4 8. Nd4 Qc5 9. Nc2 Qxc4 10. b3 Qe6 11. Bb2 d5 12. 0-0 0-0 13. d3 Re8 14. dxe4 Nxe4 15. Ne3 Nd7 16. h3 Nxg3 17. Qd4 Nxe2+ 0-1

[Event "Barcelona Sant Marti op 8th"]
[Site "Barcelona"]
[Date "2019.02.14"]
[Round "5"]
[White "Munoz Pantoja, Miguel Angel"]
[Black "Alcaraz Lopez, Francesco"]
[Result "1-0"]
[WhiteElo "2475"]
[BlackElo "1805"]
[PlyCount "33"]
[EventDate "2019.01.17"]
[EventType "swiss"]
[EventRounds "9"]
[EventCountry "ESP"]
[SourceTitle "CBM 189 Extra"]
[Source "ChessBase"]
[SourceDate "2019.06.03"]
[SourceVersion "1"]
[SourceVersionDate "2019.06.03"]
[SourceQuality "1"]

1. e4 g6 2. g3 d5 3. exd5 Qxd5 4. Nf3 Bg4 5. Bg2 Qe4+ 6. Kf1 Nc6 7. d4 0-0-0 8. c3 Qf5 9. h3 Bxf3 10. Qxf3 Qxf3 11. Bxf3 Bg7 12. Bxc6 bxc6 13. Nd2 e5 14. dxe5 Bxe5 15. Nc4 Rd5 16. Be3 a6 17. Nxe5 1-0